00393nam a2200157Ia 4500003000400000005001700004008004100021020001800062040002900080050002200109100001600131245003900147260002400186300000900210650001600219OSt20241009090101.0221216s9999||||xx |||||||||||||| ||und|| a9966-46-505-7 cChuka University Library aK 1010 b.H8 1980 aHussain, A. 2aA textbook of company law in Kenya aNairobibEAEPc1980 a218p aCompany law